Concise Encyclopedia of Western Philosophy and Philosophers (Record no. 9541)

MARC details
000 -LEADER
fixed length control field 00623nam a2200229 a 4500
020 ## - INTERNATIONAL STANDARD BOOK NUMBER
ISBN 0415830
082 00 - DEWEY DECIMAL CLASSIFICATION NUMBER
Classification number 181.403
Author Cutter URM
100 ## - MAIN ENTRY--AUTHOR NAME
Author name Urmson, J O
245 ## - TITLE STATEMENT
Title Concise Encyclopedia of Western Philosophy and Philosophers
260 ## - PUBLICATION, DISTRIBUTION, ETC. (IMPRINT)
Place of publication London
Name of publisher Routledge Chapman Hall
Year of publication 1991
300 ## - PHYSICAL DESCRIPTION
Number of Pages 331p
500 ## - GENERAL NOTE
General note includes index and biblioraphy
505 2# - FORMATTED CONTENTS NOTE
Formatted contents note Select Bibliography
650 ## - SUBJECT ADDED ENTRY--TOPICAL TERM
Topical Term Philosophy-Western Encyclopedia
942 ## - ADDED ENTRY ELEMENTS (KOHA)
Koha item type Books
Holdings
Collection code Home library Current library Date acquired Cost, normal purchase price Full call number Accession Number Koha item type
  Henry Martyn Institute Library Henry Martyn Institute Library 08/30/2007 961.26 181.403 URM 017911 Books
                   Copyright © 2026 | Henry Martyn Institute | Hyderabad | TS-500052 | INDIA | Implemented by hmi.edu.in
Hit-Count:

Powered by Koha